<?xml version="1.0" encoding="UTF-8"?>
<record
    xmlns:xsi="http://www.w3.org/2001/XMLSchema-instance"
    xsi:schemaLocation="http://www.loc.gov/MARC21/slim http://www.loc.gov/standards/marcxml/schema/MARC21slim.xsd"
    xmlns="http://www.loc.gov/MARC21/slim">

  <leader>00954nam a22001937a 4500</leader>
  <datafield tag="999" ind1=" " ind2=" ">
    <subfield code="c">62058</subfield>
    <subfield code="d">62058</subfield>
  </datafield>
  <controlfield tag="003">Ge_BSU</controlfield>
  <controlfield tag="005">20240628114116.0</controlfield>
  <controlfield tag="008">240628b        xxu||||| |||| 00| 0 geo d</controlfield>
  <datafield tag="041" ind1=" " ind2=" ">
    <subfield code="a">geo</subfield>
  </datafield>
  <datafield tag="080" ind1=" " ind2=" ">
    <subfield code="a">616(479.22)(092) &#x10E1;-12</subfield>
  </datafield>
  <datafield tag="100" ind1=" " ind2=" ">
    <subfield code="a">&#x10E1;&#x10D0;&#x10D0;&#x10D9;&#x10D0;&#x10E8;&#x10D5;&#x10D8;&#x10DA;&#x10D8;, &#x10DB;&#x10D8;&#x10EE;&#x10D4;&#x10D8;&#x10DA;</subfield>
    <subfield code="9">22363</subfield>
  </datafield>
  <datafield tag="245" ind1=" " ind2=" ">
    <subfield code="a">&#x10D2;&#x10D0;&#x10DB;&#x10DD;&#x10E9;&#x10D4;&#x10DC;&#x10D8;&#x10DA;&#x10D8; &#x10E5;&#x10D0;&#x10E0;&#x10D7;&#x10D5;&#x10D4;&#x10DA;&#x10D8; &#x10DB;&#x10D4;&#x10EA;&#x10DC;&#x10D8;&#x10D4;&#x10E0;&#x10D8; &#x10D8;&#x10D5;&#x10D0;&#x10DC;&#x10D4; &#x10D7;&#x10D0;&#x10E0;&#x10EE;&#x10DC;&#x10D8;&#x10E8;&#x10D5;&#x10D8;&#x10DA;&#x10D8; (&#x10D7;&#x10D0;&#x10E0;&#x10EE;&#x10D0;&#x10DC;-&#x10DB;&#x10DD;&#x10E3;&#x10E0;&#x10D0;&#x10D5;&#x10D8;) /</subfield>
    <subfield code="c">&#x10DB;&#x10D8;&#x10EE;&#x10D4;&#x10D8;&#x10DA; &#x10E1;&#x10D0;&#x10D0;&#x10D9;&#x10D0;&#x10E8;&#x10D5;&#x10D8;&#x10DA;&#x10D8;; &#x10E0;&#x10D4;&#x10D3;. &#x10D1;. &#x10EF;&#x10D8;&#x10D1;&#x10DA;&#x10D0;&#x10EB;&#x10D4;.</subfield>
  </datafield>
  <datafield tag="264" ind1=" " ind2=" ">
    <subfield code="a">&#x10D7;&#x10D1;&#x10D8;&#x10DA;&#x10D8;&#x10E1;&#x10D8; : </subfield>
    <subfield code="b">&#x10D9;&#x10DD;&#x10DB;&#x10E3;&#x10DC;&#x10D8;&#x10E1;&#x10E2;&#x10D8;, </subfield>
    <subfield code="c">1947.</subfield>
  </datafield>
  <datafield tag="300" ind1=" " ind2=" ">
    <subfield code="a">155 &#x10D2;&#x10D5;. ; </subfield>
    <subfield code="b">20 &#x10E1;&#x10DB;.</subfield>
  </datafield>
  <datafield tag="653" ind1=" " ind2=" ">
    <subfield code="a">&#x10D7;&#x10D0;&#x10E0;&#x10EE;&#x10DC;&#x10D8;&#x10E8;&#x10D5;&#x10D8;&#x10DA;&#x10D8;, &#x10D8;&#x10D5;&#x10D0;&#x10DC;&#x10D4;</subfield>
  </datafield>
  <datafield tag="653" ind1=" " ind2=" ">
    <subfield code="a">&#x10E5;&#x10D0;&#x10E0;&#x10D7;&#x10D5;&#x10D4;&#x10DA;&#x10D8; &#x10E4;&#x10D8;&#x10D6;&#x10D8;&#x10DD;&#x10DA;&#x10DD;&#x10D2;&#x10D4;&#x10D1;&#x10D8;</subfield>
  </datafield>
  <datafield tag="700" ind1=" " ind2=" ">
    <subfield code="a">&#x10EF;&#x10D8;&#x10D1;&#x10DA;&#x10D0;&#x10EB;&#x10D4;, &#x10D1;.</subfield>
    <subfield code="e">&#x10E0;&#x10D4;&#x10D3;&#x10D0;&#x10E5;&#x10E2;&#x10DD;&#x10E0;&#x10D8;</subfield>
    <subfield code="9">22625</subfield>
  </datafield>
  <datafield tag="942" ind1=" " ind2=" ">
    <subfield code="2">udc</subfield>
    <subfield code="c">&#x1CAC;&#x1C98;&#x1C92;&#x1C9C;&#x1C98;</subfield>
  </datafield>
  <datafield tag="952" ind1=" " ind2=" ">
    <subfield code="0">0</subfield>
    <subfield code="1">0</subfield>
    <subfield code="2">udc</subfield>
    <subfield code="4">0</subfield>
    <subfield code="6">61647922092_&#x10E1;12</subfield>
    <subfield code="7">0</subfield>
    <subfield code="9">99453</subfield>
    <subfield code="a">CPL</subfield>
    <subfield code="b">CPL</subfield>
    <subfield code="c">GEN</subfield>
    <subfield code="d">2024-06-28</subfield>
    <subfield code="g">2.40</subfield>
    <subfield code="o">616(479.22)(092) &#x10E1;-12</subfield>
    <subfield code="p">68322</subfield>
    <subfield code="r">2024-06-28</subfield>
    <subfield code="t">68322</subfield>
    <subfield code="w">2024-06-28</subfield>
    <subfield code="y">&#x1CAC;&#x1C98;&#x1C92;&#x1C9C;&#x1C98;</subfield>
    <subfield code="z">2 &#x10DA;. 40 &#x10D7;.</subfield>
  </datafield>
  <datafield tag="952" ind1=" " ind2=" ">
    <subfield code="0">0</subfield>
    <subfield code="1">0</subfield>
    <subfield code="2">udc</subfield>
    <subfield code="4">0</subfield>
    <subfield code="6">61647922092_&#x10E1;12</subfield>
    <subfield code="7">0</subfield>
    <subfield code="9">99454</subfield>
    <subfield code="a">CPL</subfield>
    <subfield code="b">CPL</subfield>
    <subfield code="c">GEN</subfield>
    <subfield code="d">2024-06-28</subfield>
    <subfield code="g">2.40</subfield>
    <subfield code="o">616(479.22)(092) &#x10E1;-12</subfield>
    <subfield code="p">68324</subfield>
    <subfield code="r">2024-06-28</subfield>
    <subfield code="t">68324</subfield>
    <subfield code="w">2024-06-28</subfield>
    <subfield code="y">&#x1CAC;&#x1C98;&#x1C92;&#x1C9C;&#x1C98;</subfield>
    <subfield code="z">2 &#x10DA;. 40 &#x10D7;.</subfield>
  </datafield>
  <datafield tag="952" ind1=" " ind2=" ">
    <subfield code="0">0</subfield>
    <subfield code="1">0</subfield>
    <subfield code="2">udc</subfield>
    <subfield code="4">0</subfield>
    <subfield code="6">61647922092_&#x10E1;12</subfield>
    <subfield code="7">0</subfield>
    <subfield code="9">99455</subfield>
    <subfield code="a">CPL</subfield>
    <subfield code="b">CPL</subfield>
    <subfield code="c">GEN</subfield>
    <subfield code="d">2024-06-28</subfield>
    <subfield code="g">2.40</subfield>
    <subfield code="o">616(479.22)(092) &#x10E1;-12</subfield>
    <subfield code="p">68323.</subfield>
    <subfield code="r">2024-06-28</subfield>
    <subfield code="t">68323</subfield>
    <subfield code="w">2024-06-28</subfield>
    <subfield code="y">&#x1CAC;&#x1C98;&#x1C92;&#x1C9C;&#x1C98;</subfield>
    <subfield code="z">2 &#x10D7;. 40 &#x10D7;.</subfield>
  </datafield>
</record>
